000 nam a22 7a 4500
999 _c46828
_d46828
003 OSt
005 20190425113721.0
008 190425b xxu||||| |||| 00| 0 eng d
040 _csero soft
100 _aed.gupta,Asha
245 _aPrivate higher education
260 _aDelhi
_bShipra
300 _a306
942 _2ddc
_c02